Danish investments in developing countries a global value chain perspective /

Bibliographic Details
Main Author: Hansen, Michael W.
Corporate Author: ProQuest (Firm)
Other Authors: Pedersen, Torben., Petersen, Bent, 1954-
Format: Electronic eBook
Language:English
Published: Kge : Copenhagen Business School Press, 2006.
Subjects:
Online Access:Click to View
LEADER 01378nam a2200349Ia 4500
001 EBC3400775
003 MiAaPQ
005 20200520144314.0
006 m o d |
007 cr cn|||||||||
008 070108s2006 dk a sb 000 0 eng d
020 |z 8763001918 
020 |z 9788763001915 
035 |a (MiAaPQ)EBC3400775 
035 |a (Au-PeEL)EBL3400775 
035 |a (CaPaEBR)ebr10465530 
035 |a (OCoLC)774280221 
040 |a MiAaPQ  |c MiAaPQ  |d MiAaPQ 
050 4 |a HG5602  |b .H36 2006 
100 1 |a Hansen, Michael W.  |q (Michael Wendelboe) 
245 1 0 |a Danish investments in developing countries  |h [electronic resource] :  |b a global value chain perspective /  |c Michael W. Hansen, Torben Pedersen, Bent Petersen. 
260 |a Kge :  |b Copenhagen Business School Press,  |c 2006. 
300 |a 78 p. :  |b ill. 
504 |a Includes bibliographical references. 
533 |a Electronic reproduction. Ann Arbor, MI : ProQuest, 2015. Available via World Wide Web. Access may be limited to ProQuest affiliated libraries. 
650 0 |a Investments, Danish  |z Developing countries. 
650 0 |a Investments, Foreign  |z Developing countries. 
655 4 |a Electronic books. 
700 1 |a Pedersen, Torben. 
700 1 |a Petersen, Bent,  |d 1954- 
710 2 |a ProQuest (Firm) 
856 4 0 |u https://ebookcentral.proquest.com/lib/matrademy/detail.action?docID=3400775  |z Click to View